000 00710nam a2200229Ia 4500
001 9194
003 GE_BSU
008 181216s||||||||xx |||||||||||||| ||und||
040 _cGE_BSU
080 _a82-93
100 _aლორთქიფანიძე,კონსტანტინე
245 _aმოგზაური
245 _bმოთხრობა
245 _cრედ.ირ.აბაშიძე.მხატვ.ვ.ბელეცკაია
260 _aთბილისი
260 _bსაბლიტგამი
260 _c1950
300 _a26გვ.ილ.17სმ.
653 _aმოგზაური
653 _aმოთხრობა
942 _cBK
999 _c42497
_d42497